Statistics for Capital Chain

Click here to take the quiz!

General Stats

  • This quiz has been taken 72 times
    (70 since last reset)
  • The average score is 9 of 20

Answer Stats

Answer% Correct
Madrid
96%
Andorra la Vella
71%
Monaco
60%
Bern
58%
Vaduz
55%
Amsterdam
44%
Berlin
44%
Brussels
44%
Luxembourg
44%
Prague
44%
Paris
42%
Vienna
42%
Bratislava
38%
Budapest
36%
Zagreb
31%
Ljubljana
27%
Sarajevo
27%
Podgorica
18%
Skopje
18%
Tirana
13%

Score Distribution

Percentile by Number Answered

Percent of People with Each Score

Your Score History

You have not taken this quiz since the last reset